000 00705cab a2200193 4500
001 ABS41966
008 090401t1990 xxu||||| |||| 00| 0 eng d
035 _a(Sirsi) u33739
041 _aeng
100 _aRoberts, J.
245 _aHammersmith and Fulham, Kensington and Chelsea
260 _c1990
350 _a0
490 _aEstates Times
_v(1028) 5 January 1990, 13-21(8)
520 _aEstates Times survey on the retail and office market . The impact of the uniform business rate on the Kings Road is also discussed with reference to FAIRR , (Fight Against Increased Rent and Rates).
690 _aPROPERTY-COMMERCIAL PROPERTY-COMMERCIAL PROPERTY MARKET
942 _n0
948 _c04/03/1997
999 _c22482
_d22482